Statistics for Splatoon Splatfests - Find the Fake

Click here to take the quiz!

General Stats

  • This quiz has been taken 108 times
  • The average score is 6 of 10

Answer Stats

QuestionAnswer% Correct
April 2016Squidward
90%
November 2015Power
80%
November 2015Superheroes
72%
May 2016Birthday Party
65%
September 2015Math
60%
November 2015Skeletons
55%
July 2015Playing
53%
October 2015Trains
53%
March 2016Flying Car
49%
August 2015Hamburgers
20%

Score Distribution

Percentile by Number Answered

Percent of People with Each Score

Your Score History

You have not taken this quiz